The wastes of time : (Record no. 549838)

000 -LEADER
fixed length control field 00537cam a2200157 a 4500
082 00 - DEWEY DECIMAL CLASSIFICATION NUMBER
Classification number 954.9205
Author Mark SAJ
-- L-39, P-20
100 1# - MAIN ENTRY--PERSONAL NAME
Personal name Husain, Syed Sajjad.
9 (RLIN) 46523
245 14 - TITLE STATEMENT
Title The wastes of time :
Remainder of title reflections on the decline and fall of East Pakistan /
Statement of responsibility, etc. Syed Sajjad Husain.
250 ## - EDITION STATEMENT
Edition statement 1st ed.
260 ## - PUBLICATION, DISTRIBUTION, ETC.
Place of publication, distribution, etc. Lahore :
Name of publisher, distributor, etc. Institute of Islamic Culture,
Date of publication, distribution, etc. 1996.
300 ## - PHYSICAL DESCRIPTION
Extent 294 p. ;
Dimensions 22 cm.
500 ## - GENERAL NOTE
General note Includes index.
526 ## - STUDY PROGRAM INFORMATION NOTE
Program name 0
Interest level 0
Reading level 0
Title point value 954_920500000000000_SAJ
650 #0 - SUBJECT ADDED ENTRY--TOPICAL TERM
Topical term or geographic name entry element Political prisoners
Geographic subdivision Bangladesh
9 (RLIN) 46524
942 ## - ADDED ENTRY ELEMENTS (KOHA)
Source of classification or shelving scheme
Koha item type Book
Holdings
Withdrawn status Lost status Source of classification or shelving scheme Damaged status Not for loan Permanent Location Current Location Date acquired Total Checkouts Total Renewals Full call number Barcode Date last seen Date last checked out Price effective from Koha item type
          Military College of Engineering (MCE) Military College of Engineering (MCE) 10/15/2014 3 1 954.9205 SAJ MCE-41147 06/17/2019 05/28/2019 10/15/2014 Book
© 2023 Central Library, National University of Sciences and Technology. All Rights Reserved.